00621nam a2200169 a 450000500170000000800410001705000250005810000190008324500840010226000350018644000420022165000170026365000160028065000100029699900190030695201260032520140414132110.0110513s19uu xx 00 eng d aREF 551.46bB35 2000 aBerger, Melvin aWhat makes an ocean wave? :bquestions and answers about oceans and ocean life. aNew York :bScholastic,c2000. aScholastic question and answer series aOceanography aMarine life aOcean c114733d114733 00104050aMUbMUcREFd2011-05-13eBkRewardg225.00l0oREF 551.46 B35 2000pM6626r2014-04-14 00:00:00w2014-04-14yBK